000 00422pab a2200169 454500
008 180718b1996 xxu||||| |||| 00| 0 eng d
100 _aLipow, Arthur
245 _aThe politics of antipartyism
260 _c1996
300 _ap.273-84
362 _aApr
650 _aPolitical parties - Great Britain
650 _aPolitical parties
700 _aSeyd, Patrick
773 _aParliamentary Affairs
909 _a31094
999 _c31094
_d31094